Nano/Microscale heat transfer
Focused on the solution of heat transfer problems in nanomachines, this practical resource integrates traditional knowledge with cutting-edge theory to provide a solid foundation and working technical skills.
Sparad:
| Huvudupphovsman: | |
|---|---|
| Materialtyp: | Bok |
| Språk: | Undetermined |
| Publicerad: |
New York
McGraw-Hill
2007
|
| Ämnen: | |
| Taggar: |
Lägg till en tagg
Inga taggar, Lägg till första taggen!
|
| Thư viện lưu trữ: | Trung tâm Học liệu Trường Đại học Cần Thơ |
|---|
| LEADER | 00766nam a2200217Ia 4500 | ||
|---|---|---|---|
| 001 | CTU_132698 | ||
| 008 | 210402s9999 xx 000 0 und d | ||
| 020 | |c 2673000 | ||
| 082 | |a 621.4022 | ||
| 082 | |b Z63 | ||
| 100 | |a Zhang, Zhuomin M. | ||
| 245 | 0 | |a Nano/Microscale heat transfer | |
| 245 | 0 | |c Zhuomin M. Zhang | |
| 260 | |a New York | ||
| 260 | |b McGraw-Hill | ||
| 260 | |c 2007 | ||
| 520 | |a Focused on the solution of heat transfer problems in nanomachines, this practical resource integrates traditional knowledge with cutting-edge theory to provide a solid foundation and working technical skills. | ||
| 650 | |a Heat,Nhiệt | ||
| 650 | |x Transmission.,Truyền | ||
| 904 | |i Huỳnh Mai | ||
| 980 | |a Trung tâm Học liệu Trường Đại học Cần Thơ | ||